000 00583nam a22002177a 4500
003 UA-OsUOA
001 38597
007 ta
008 20060517b un ||||| |||| 00| 0 ukr d
100 _aЛавренчук Віталій
090 _a81
_bЛ11
942 _cSA
040 _aUA-OsUOA
_bukr
_cUA-OsUOA
_dUA-OsUOA
245 _aЗ вогнем не жартують
300 _a6 с.
955 _a0
041 _aukr
080 _a81
773 0 _w38595
650 7 _a8 Мовознавство. Художня література. Літературознавство
_2UDC
999 _c324741
_d324741